[Event "3. Winter-Open 2024"]
[Site "Nuernberg"]
[Date "2024.02.11"]
[Round "4.25"]
[White "Bharathula, Akhila"]
[Black "Blumenthal Tuset, Sebastian"]
[Result "0-1"]
[WhiteElo "1264"]
[BlackElo "1640"]
[Time "09:00:00"]
[WhiteTeam "SC Noris-Tarrasch N�rnberg 1873"]
[BlackTeam "SC Noris-Tarrasch N�rnberg 1873"]

1. d4 d5 2. c4 c6 3. Nc3 Nf6 4. Bf4 e6 5. e3 a6 6. Bd3 dxc4 7. Bxc4 b5 8. Bd3 c5
9. Bg5 Nbd7 10. Be4 Ra7 11. d5 Qa5 12. Bxf6 Nxf6 13. Bf3 Rd7 14. d6 Rxd6 15. Qc2
Be7 16. Ne2 O-O 17. O-O Rfd8 18. Rfd1 Rxd1+ 19. Rxd1 Rxd1+ 20. Qxd1 b4 21. Qa4 Qxa4
22. Nxa4 Bd7 23. Nb6 Bb5 24. Kf1 Bd6 25. Ke1 Bc7 26. Na8 Ba5 27. Kd1 e5 28. Bb7
Kf8 29. Ng3 g6 30. h3 Ke8 31. Ne4 Nxe4 32. Bxe4 Kd8 33. Bd5 f6 34. b3 Kd7 35. e4
Bc6 36. Bxc6+ Kxc6 37. g4 Kb7 38. Kd2 Kxa8 39. Kd3 Kb7 40. Kc4 Kc6 41. f3 Bd8 42. Kd3
Kb5 43. Kc2 c4 44. bxc4+ Kxc4 45. h4 a5 46. g5 fxg5 47. hxg5 Bxg5 48. Kb2 a4 49. Kc2
b3+ 50. axb3+ axb3+ 51. Kb2 Kb4 52. Kb1 Bd2 53. Kb2 Bc3+ 54. Kb1 Ka3 55. f4 exf4
56. e5 Bxe5 57. Kc1 Bc3 58. Kb1 f3 59. Kc1 f2 60. Kd1 f1=Q# 0-1

[Event "3. Winter-Open 2024"]
[Site "Nuernberg"]
[Date "2024.02.11"]
[Round "4.26"]
[White "Denninger, Tanja"]
[Black "Nagl, Simon"]
[Result "0-1"]
[WhiteElo "1240"]
[BlackElo "1604"]
[Time "09:00:00"]
[WhiteTeam "SC J�KLECHEMIE Talente Franken e"]
[BlackTeam "SG B�chenbach/Roth e.V."]

1. Nf3 Nf6 2. c4 g6 3. g3 Bg7 4. Nc3 O-O 5. Bg2 c5 6. O-O Nc6 7. e3 d6 8. b3 e5
9. Bb2 Rb8 10. d4 exd4 11. exd4 Nd7 12. Nb5 Nb6 13. Rb1 a6 14. dxc5 Bxb2 15. Rxb2
dxc5 16. Rd2 Qf6 17. Nc7 Bg4 18. Nd5 Nxd5 19. Rxd5 Nd4 20. Rxd4 cxd4 21. Qxd4 Qxd4
22. Nxd4 Rfd8 23. Bd5 Bh3 24. Rd1 Re8 25. Nc2 Re2 26. Rc1 b6 27. a4 Rbe8 28. Ne3
Rb2 29. c5 bxc5 30. Bc4 a5 31. Nd5 Kg7 32. Nf4 Bf5 33. Kg2 Be4+ 34. Kf1 Bf3 35. Bb5
Re5 36. Kg1 Rxb3 37. Nd3 Rd5 38. Ne1 Bg4 39. f3 Bxf3 40. Nxf3 Rxf3 41. Bc6 Rfd3
42. Bxd5 Rxd5 43. Rc4 Kf6 44. Kg2 Rf5 45. g4 Rd5 46. Kg3 g5 47. Kf3 Ke6 48. Ke4
Re5+ 49. Kf3 Kd5 50. Rc2 Re4 51. Rd2+ Rd4 52. Ra2 Rd3+ 53. Ke2 Rb3 54. Rd2+ Ke4 0-1

[Event "3. Winter-Open 2024"]
[Site "Nuernberg"]
[Date "2024.02.11"]
[Round "4.27"]
[White "Dreiseitel, Werner"]
[Black "Ziegler, Jonas"]
[Result "1-0"]
[WhiteElo "1466"]
[BlackElo "1200"]
[Time "09:00:00"]
[WhiteTeam "SC Schwarz-Wei� N�rnberg S�d e.V"]
[BlackTeam "?"]

1. d4 Nf6 2. Nf3 e6 3. Bg5 d5 4. c4 Bb4+ 5. Nbd2 c5 6. e3 O-O 7. Bd3 Nbd7 8. O-O
h6 9. Bh4 cxd4 10. Nxd4 Qc7 11. cxd5 exd5 12. Rc1 Qd6 13. N2f3 Ne4 14. Nb5 Qg6 15. Nc7
Ndc5 16. Nxd5 Nxd3 17. Qxd3 Bh3 18. Nf4 Nc5 19. Qxg6 fxg6 20. Nxh3 g5 21. Nhxg5
hxg5 22. Bxg5 Rf5 23. Be7 Rc8 24. a3 Kf7 25. axb4 Kxe7 26. bxc5 Rcxc5 27. Nd4 Rh5
28. b4 1-0

[Event "3. Winter-Open 2024"]
[Site "Nuernberg"]
[Date "2024.02.11"]
[Round "4.28"]
[White "Marczok, Robert"]
[Black "Jusic, Enes"]
[Result "1-0"]
[WhiteElo "1651"]
[BlackElo "1135"]
[Time "09:00:00"]
[WhiteTeam "SC J�KLECHEMIE Talente Franken e"]
[BlackTeam "SC J�KLECHEMIE Talente Franken e"]

1. e4 e5 2. Nf3 Nf6 3. Nc3 Nc6 4. a3 d5 5. exd5 Nxd5 6. Bb5 Bg4 7. Bxc6+ bxc6 8. Qe2
Bd6 9. Nxd5 cxd5 10. Qb5+ Qd7 11. Qxd5 Bxf3 12. Qxf3 O-O 13. O-O Rae8 14. d3 Re6
15. Be3 Rf6 16. Qe2 a6 17. c3 Qc6 18. d4 exd4 19. Bxd4 Rg6 20. g3 Re8 21. Qd3 Re4
22. Qf3 Rh6 23. Rae1 f5 24. Rxe4 fxe4 25. Qg4 Rg6 26. Qf5 1-0

[Event "3. Winter-Open 2024"]
[Site "Nuernberg"]
[Date "2024.02.11"]
[Round "4.29"]
[White "Yanpala, Oguz Faruk"]
[Black "Kaplan, B�sra"]
[Result "1-0"]
[WhiteElo "1196"]
[BlackElo "1200"]
[Time "09:00:00"]
[WhiteTeam "SC J�KLECHEMIE Talente Franken e"]
[BlackTeam "SC J�KLECHEMIE Talente Franken e"]

1. e4 e5 2. Nf3 Nc6 3. Bc4 Nf6 4. d3 Bd6 5. O-O O-O 6. Bg5 Be7 7. Re1 d6 8. h3 Nd4
9. Nxd4 exd4 10. c3 c5 11. Nd2 h6 12. Bf4 Rb8 13. cxd4 cxd4 14. e5 Ne8 15. Nb3 d5
16. Bb5 Qb6 17. Bxe8 Rxe8 18. e6 Ra8 19. exf7+ Kxf7 20. Qh5+ Kf8 21. Qxd5 Rd8 22. Qe4
Bb4 23. Bd2 Bc5 24. Ba5 Qf6 25. Bxd8 Qxd8 26. Nxc5 Rb8 27. Qf4+ Bf5 28. Ne6+ Kg8
29. Nxd8 Rxd8 30. Qxf5 Kh8 31. Rac1 Rg8 32. Rc8 Rxc8 33. Qxc8+ Kh7 34. Qxb7 1-0